Educational psychology / (Record no. 366758)
[ view plain ]
| 000 -LEADER | |
|---|---|
| fixed length control field | 01029nam a22001937a 4500 |
| 003 - CONTROL NUMBER IDENTIFIER | |
| control field | 0 |
| 005 - DATE AND TIME OF LATEST TRANSACTION | |
| control field | 20241119091150.0 |
| 008 - FIXED-LENGTH DATA ELEMENTS--GENERAL INFORMATION | |
| fixed length control field | 241119b xxu||||| |||| 00| 0 eng d |
| 020 ## - INTERNATIONAL STANDARD BOOK NUMBER | |
| International Standard Book Number | 9780367339142 |
| 050 ## - LIBRARY OF CONGRESS CALL NUMBER | |
| Classification number | LB 1051 |
| Item number | .Ed38 2024 |
| 245 ## - TITLE STATEMENT | |
| Title | Educational psychology / |
| Statement of responsibility, etc | Edited by Tony Cline, Anthea Gulliford, and Susan Birch. |
| 250 ## - EDITION STATEMENT | |
| Edition statement | 3rd ed. |
| 260 ## - PUBLICATION, DISTRIBUTION, ETC. (IMPRINT) | |
| Place of publication, distribution, etc | New York, NY : |
| Name of publisher, distributor, etc | Routledge, |
| Date of publication, distribution, etc | 2024. |
| 300 ## - PHYSICAL DESCRIPTION | |
| Extent | xv, 272 p. ; |
| Dimensions | 25 cm. |
| 504 ## - BIBLIOGRAPHY, ETC. NOTE | |
| Bibliography, etc | Includes bibliographical references and index. |
| 520 ## - SUMMARY, ETC. | |
| Summary, etc | "Now in its Third Edition, Educational Psychology offers a comprehensive overview of how key advances in social, developmental and cognitive psychology impact upon the role of educational psychologists working today. Written by leading researchers, the book also explores controversies and dilemmas in both research and practice, providing students with a balanced and cutting-edge introduction to both the field and the profession"--Provided by publisher. |
| 650 ## - SUBJECT ADDED ENTRY--TOPICAL TERM | |
| Topical term or geographic name as entry element | Educational psychology. |
| 942 ## - ADDED ENTRY ELEMENTS (KOHA) | |
| Source of classification or shelving scheme | Library of Congress Classification |
| Koha item type | Books |
| Withdrawn status | Lost status | Source of classification or shelving scheme | Damaged status | Home library | Current library | Shelving location | Date acquired | Source of acquisition | Sub Shelving location | Total Checkouts | Full call number | Barcode | Date last seen | Price effective from | Koha item type |
|---|---|---|---|---|---|---|---|---|---|---|---|---|---|---|---|
| Library of Congress Classification | College Library | College Library | Reserve Section | 11/19/2024 | Library Fund | LB 1051 .Ed38 2024 | C24010 | 11/19/2024 | 11/19/2024 | Books |